[Event "St Petersburg Korchnoi Memorial op"]
[Site "St Petersburg"]
[Date "2019.08.17"]
[Round "4"]
[White "Surkova, Sofya"]
[Black "Levdansky, Alexey"]
[Result "0-1"]
[WhiteElo "1639"]
[BlackElo "1920"]
[PlyCount "74"]
[EventDate "2019.08.14"]
[EventType "swiss"]
[EventRounds "9"]
[EventCountry "RUS"]
[SourceTitle "CBM 192"]
[Source "ChessBase"]
[SourceDate "2019.10.31"]
[SourceVersion "1"]
[SourceVersionDate "2019.10.31"]
[SourceQuality "1"]

1. e4 c5 2. Nf3 Nf6 3. Nc3 d6 4. d4 cxd4 5. Nxd4 g6 6. Be2 Bg7 7. 0-0 0-0 8. Be3 Nc6 9. Nb3 Bd7 10. f4 Rc8 11. h3 a6 12. Qd2 b5 13. a3 Be6 14. f5 Bd7 15. Rf4 Ne5 16. Raf1 g5 17. R4f2 Rxc3 18. bxc3 Nxe4 19. Qc1 Bf6 20. Bd3 Nxf2 21. Rxf2 Qc8 22. Bxg5 Qxc3 23. Qe3 Nxd3 24. Bxf6 Qxf6 25. Qxd3 Rc8 26. Qe4 Bc6 27. Qg4+ Kh8 28. Qd4 Qxd4 29. Nxd4 Be4 30. Re2 d5 31. Re3 Kg7 32. g4 Kf6 33. h4 h6 34. c3 Rc4 35. Rg3 Ra4 36. g5+ hxg5 37. h5 Rxa3 0-1

[Event "St Petersburg Korchnoi Memorial op"]
[Site "St Petersburg"]
[Date "2019.08.16"]
[Round "3"]
[White "Levdansky, Alexey"]
[Black "Nazarenus, Moritz"]
[Result "0-1"]
[WhiteElo "1920"]
[BlackElo "2206"]
[PlyCount "62"]
[EventDate "2019.08.14"]
[EventType "swiss"]
[EventRounds "9"]
[EventCountry "RUS"]
[SourceTitle "CBM 192"]
[Source "ChessBase"]
[SourceDate "2019.10.31"]
[SourceVersion "1"]
[SourceVersionDate "2019.10.31"]
[SourceQuality "1"]

1. c4 c6 2. e4 e5 3. Nf3 d6 4. d4 Nd7 5. Nc3 Ngf6 6. Be2 Be7 7. 0-0 0-0 8. Qc2 Re8 9. h3 Qc7 10. Be3 Bf8 11. Rad1 a5 12. Nh4 g6 13. b3 Bg7 14. g4 exd4 15. Bxd4 Nf8 16. f4 Qe7 17. Ng2 Nxe4 18. Bxg7 Kxg7 19. Nxe4 Qxe4 20. Qc3+ Kg8 21. Bf3 Qe7 22. Rfe1 Qd8 23. Rxe8 Qxe8 24. Rxd6 Qe7 25. Qd3 Be6 26. f5 gxf5 27. gxf5 Bxf5 28. Qd2 Ng6 29. Nf4 Qg5+ 30. Ng2 Qxd2 31. Rxd2 Bxh3 0-1

[Event "St Petersburg Summer op"]
[Site "St Petersburg"]
[Date "2016.08.22"]
[Round "6"]
[White "Hurtado, Felipe"]
[Black "Levdansky, Alexey"]
[Result "1-0"]
[WhiteElo "2132"]
[BlackElo "1973"]
[PlyCount "51"]
[EventDate "2016.08.17"]
[EventType "swiss"]
[EventRounds "9"]
[EventCountry "RUS"]
[SourceTitle "CBM 174 Extra"]
[Source "ChessBase"]
[SourceDate "2016.10.10"]
[SourceVersion "1"]
[SourceVersionDate "2016.10.10"]
[SourceQuality "1"]

1. e4 c5 2. Nf3 Nc6 3. Bb5 d6 4. d4 cxd4 5. Qxd4 Bd7 6. Bxc6 Bxc6 7. Nc3 Nf6 8. Bg5 Qa5 9. 0-0 h6 10. b4 Qd8 11. Bxf6 gxf6 12. Rad1 Rg8 13. Rfe1 e6 14. b5 Bd7 15. a4 Be7 16. Rd3 b6 17. Qe3 Qc7 18. Nd4 Qb7 19. g3 h5 20. Nd5 exd5 21. exd5 0-0-0 22. Rc3+ Kb8 23. Nc6+ Bxc6 24. dxc6 Qc7 25. Qxe7 Rge8 26. Qxe8 1-0

[Event "RUS-chT U14"]
[Site "Sochi"]
[Date "2016.05.10"]
[Round "9.2"]
[White "Stukan, Martin"]
[Black "Levdansky, Alexey"]
[Result "1-0"]
[WhiteElo "1956"]
[BlackElo "1962"]
[PlyCount "81"]
[EventDate "2016.05.01"]
[EventType "team-tourn"]
[EventRounds "9"]
[EventCountry "RUS"]
[SourceTitle "EXT 2018"]
[Source "ChessBase"]
[SourceDate "2017.10.13"]
[SourceVersion "1"]
[SourceVersionDate "2017.10.13"]
[SourceQuality "1"]

1. e4 c5 2. Nf3 Nc6 3. d4 cxd4 4. Nxd4 Nf6 5. Nc3 g6 6. Be3 Bg7 7. Bc4 0-0 8. Bb3 d6 9. h3 Bd7 10. 0-0 Nxd4 11. Bxd4 b5 12. Qd3 a5 13. a3 Bc6 14. Rfe1 e5 15. Be3 b4 16. Nd5 Rb8 17. axb4 axb4 18. Bg5 h6 19. Nxf6+ Bxf6 20. Bxh6 Bg7 21. Be3 Qf6 22. Red1 Rfd8 23. Ra7 Be8 24. Qd2 Bf8 25. Bg5 Qh8 26. Bxd8 Rxd8 27. Qg5 Qh5 28. Qxh5 gxh5 29. Bd5 Rc8 30. Ra8 Rxa8 31. Bxa8 Be7 32. Ra1 Kg7 33. Bd5 Bb5 34. Ra7 Kf6 35. Rb7 Be2 36. Rxb4 Bd1 37. c4 Bc2 38. Rb7 Bd8 39. Rxf7+ Kg5 40. b4 Bb6 41. Rd7 1-0

[Event "Chigorin Memorial 20th"]
[Site "St Petersburg"]
[Date "2012.10.31"]
[Round "5"]
[White "Levdansky, Alexey"]
[Black "Bondarenko, Dmitry"]
[Result "0-1"]
[WhiteElo "1700"]
[BlackElo "1971"]
[PlyCount "122"]
[EventDate "2012.10.27"]
[EventType "swiss"]
[EventRounds "9"]
[EventCountry "RUS"]
[SourceTitle "EXT 2013"]
[Source "ChessBase"]
[SourceDate "2012.11.22"]
[SourceVersion "1"]
[SourceVersionDate "2012.11.22"]
[SourceQuality "1"]

1. d4 Nf6 2. c4 e6 3. Nf3 Bb4+ 4. Bd2 Be7 5. Nc3 0-0 6. g3 d5 7. Bg2 c6 8. 0-0 Nbd7 9. cxd5 exd5 10. Qc2 Re8 11. Rfe1 Nf8 12. e4 dxe4 13. Nxe4 Nxe4 14. Qxe4 Be6 15. Bc3 Nd7 16. Ne5 Nf6 17. Qc2 Qc8 18. Rad1 Bd6 19. a3 Bc7 20. Nd3 Rd8 21. Nc5 Bg4 22. Rc1 Nd5 23. Bxd5 Rxd5 24. Nd3 Bf3 25. Re3 Bh5 26. Rce1 f6 27. Nb4 Rg5 28. Bd2 Bf7 29. Re7 Rh5 30. Qd3 Bd6 31. R7e2 Qh3 32. f4 a5 33. Nc2 Qd7 34. Bc3 b5 35. Ne3 b4 36. axb4 axb4 37. Bd2 Rha5 38. Nc4 R5a6 39. Nxd6 Qxd6 40. Re7 R6a7 41. R7e2 c5 42. Qb5 Qxd4+ 43. Be3 Qc4 44. Qc6 Ra1 45. Kf2 Bh5 46. Rd2 R1a6 47. Qxc5 Qxc5 48. Bxc5 b3 49. Re7 Rc6 50. Bb4 Rc2 51. Bc3 Rc8 52. Ke1 Bg4 53. h4 h5 54. Rxc2 bxc2 55. Kd2 Bf5 56. Re1 Rd8+ 57. Kc1 Kf7 58. Bd2 Ra8 59. b4 Ra1+ 60. Kb2 Rb1+ 61. Kc3 Rxe1 0-1

[Event "St Petersburg Botvinnik Memorial op"]
[Site "St Petersburg"]
[Date "2012.09.01"]
[Round "8"]
[White "Levdansky, Alexey"]
[Black "Egorov, Daniil"]
[Result "1/2-1/2"]
[WhiteElo "1716"]
[BlackElo "1824"]
[PlyCount "120"]
[EventDate "2012.08.25"]
[EventType "swiss"]
[EventRounds "9"]
[EventCountry "RUS"]
[SourceTitle "CBM 150 Extra"]
[Source "ChessBase"]
[SourceDate "2012.10.19"]
[SourceVersion "1"]
[SourceVersionDate "2012.10.19"]
[SourceQuality "1"]

1. Nf3 g6 2. d4 Nf6 3. g3 Bg7 4. Bg2 0-0 5. 0-0 d6 6. c4 Nbd7 7. Nc3 e5 8. d5 a5 9. e4 Nc5 10. Ne1 c6 11. Nd3 Nfd7 12. Be3 Nxd3 13. Qxd3 c5 14. Kh1 f5 15. exf5 gxf5 16. f3 Qe8 17. Nb5 Qg6 18. Nc7 Rb8 19. Ne6 Rf7 20. Nxg7 Rxg7 21. Rg1 Qh5 22. Raf1 Rxg3 23. Bh3 Rxg1+ 24. Rxg1+ Kf7 25. Qxf5+ Qxf5 26. Bxf5 Nf6 27. Bxc8 Rxc8 28. Bd2 b6 29. Bh6 Rg8 30. Rxg8 Nxg8 31. Bg5 Ne7 32. Kg2 Nf5 33. b3 h6 34. Bd8 a4 35. Bxb6 axb3 36. axb3 Nd4 37. Bc7 Ke7 38. Ba5 Nxb3 39. Bc3 Nd4 40. Kf2 Nf5 41. Ke2 h5 42. Kf2 Kf7 43. Bd2 Kf6 44. Ba5 Kg5 45. Bd8+ Kf4 46. Ba5 Kg5 47. Bd8+ Kf4 48. Ba5 e4 49. fxe4 Kxe4 50. Bc7 h4 51. h3 Kf4 52. Ba5 Nd4 53. Bc7 Nf5 54. Ba5 Ke4 55. Bc7 Kd4 56. Kf3 Kxc4 57. Kf4 Ne7 58. Bxd6 Nxd5+ 59. Kg5 Ne3 60. Bxc5 Kxc5 1/2-1/2

[Event "St Petersburg Botvinnik Memorial op"]
[Site "St Petersburg"]
[Date "2012.08.26"]
[Round "2"]
[White "Svidinsky, Dmitry"]
[Black "Levdansky, Alexey"]
[Result "1-0"]
[WhiteElo "2064"]
[BlackElo "1716"]
[PlyCount "37"]
[EventDate "2012.08.25"]
[EventType "swiss"]
[EventRounds "9"]
[EventCountry "RUS"]
[SourceTitle "CBM 150 Extra"]
[Source "ChessBase"]
[SourceDate "2012.10.19"]
[SourceVersion "1"]
[SourceVersionDate "2012.10.19"]
[SourceQuality "1"]

1. e4 c5 2. Nf3 Nc6 3. d4 cxd4 4. Nxd4 g6 5. Nc3 Bg7 6. Be3 Nf6 7. Bc4 0-0 8. Bb3 d6 9. f3 Bd7 10. Qd2 Rc8 11. 0-0-0 a6 12. h4 b5 13. Nxc6 Bxc6 14. h5 a5 15. hxg6 hxg6 16. Bh6 Nh5 17. Bxg7 Kxg7 18. Rxh5 gxh5 19. Qg5+ 1-0

[Event "Baltija Cup"]
[Site "Palanga"]
[Date "2012.06.19"]
[Round "1"]
[White "Osis, Reinars"]
[Black "Levdansky, Alexey"]
[Result "1-0"]
[WhiteElo "2202"]
[BlackElo "1734"]
[PlyCount "120"]
[EventDate "2012.06.19"]
[EventType "swiss"]
[EventRounds "8"]
[EventCountry "LTU"]
[SourceTitle "CBM 149 Extra"]
[Source "ChessBase"]
[SourceDate "2012.08.24"]
[SourceVersion "1"]
[SourceVersionDate "2012.08.24"]
[SourceQuality "1"]

1. d4 d5 2. Nf3 Nf6 3. Bf4 Bf5 4. Nh4 Bg6 5. Nxg6 hxg6 6. c4 dxc4 7. Nc3 e6 8. e4 Bb4 9. Bg5 Qd7 10. Bxf6 gxf6 11. Bxc4 0-0 12. Qb3 Nc6 13. 0-0-0 Bxc3 14. Qxc3 Kg7 15. d5 exd5 16. Bxd5 Qg4 17. g3 Ne7 18. Bxb7 Rab8 19. e5 Ng8 20. exf6+ Nxf6 21. Bd5 Rfd8 22. h4 Qf5 23. Bf3 Rxd1+ 24. Rxd1 Kg8 25. Rd4 Qe6 26. b3 c5 27. Rc4 Nd7 28. Re4 Qa6 29. Kb2 Qd6 30. h5 c4 31. h6 f6 32. Qxc4+ Kh8 33. Qd4 Qxd4+ 34. Rxd4 Ne5 35. Be2 Kh7 36. f4 Nc6 37. Rd7+ Kxh6 38. Bf3 Rc8 39. Bxc6 Rxc6 40. Rxa7 Rd6 41. Rc7 Re6 42. a4 Re3 43. Rc3 Re2+ 44. Ka3 Re1 45. a5 g5 46. b4 Ra1+ 47. Kb2 Ra4 48. Kb3 Ra1 49. fxg5+ Kxg5 50. Kc4 Kf5 51. Kb5 Ke5 52. a6 Rd1 53. a7 Rd8 54. Kb6 f5 55. Kb7 Kd4 56. Rc8 Rd7+ 57. Kb6 Rd6+ 58. Kb5 Rd5+ 59. Ka4 Ke4 60. a8Q Ke5 1-0

[Event "St Petersburg Spring op"]
[Site "St Petersburg"]
[Date "2012.03.30"]
[Round "9"]
[White "Levdansky, Alexey"]
[Black "Efremova, Daria"]
[Result "1-0"]
[WhiteElo "1679"]
[BlackElo "1899"]
[PlyCount "67"]
[EventDate "2012.03.22"]
[EventType "swiss"]
[EventRounds "9"]
[EventCountry "RUS"]
[SourceTitle "EXT 2013"]
[Source "ChessBase"]
[SourceDate "2012.11.22"]
[SourceVersion "1"]
[SourceVersionDate "2012.11.22"]
[SourceQuality "1"]

1. c4 c5 2. Nc3 Nc6 3. g3 g6 4. Bg2 Bg7 5. Nf3 e6 6. 0-0 Nge7 7. d3 d5 8. cxd5 exd5 9. e3 0-0 10. d4 c4 11. b3 cxb3 12. axb3 Nf5 13. Re1 Re8 14. Bb2 Be6 15. Ne2 Nd6 16. Nf4 Ne4 17. Nxe6 Rxe6 18. Nd2 Nb4 19. Nxe4 dxe4 20. f3 f5 21. fxe4 fxe4 22. Qg4 Qe8 23. Rad1 Nd3 24. Rxd3 exd3 25. Bd5 Kf7 26. Rf1+ Bf6 27. Qh4 Kg7 28. Qf4 Rb6 29. Qc7+ Kh8 30. e4 Rc8 31. Qf4 Rc2 32. e5 Bxe5 33. dxe5 Rxb2 34. Qd4 1-0

[Event "St Petersburg Spring op"]
[Site "St Petersburg"]
[Date "2012.03.27"]
[Round "6"]
[White "Levdansky, Alexey"]
[Black "Kolesnikova, Kristina"]
[Result "0-1"]
[WhiteElo "1679"]
[BlackElo "1927"]
[PlyCount "66"]
[EventDate "2012.03.22"]
[EventType "swiss"]
[EventRounds "9"]
[EventCountry "RUS"]
[SourceTitle "EXT 2013"]
[Source "ChessBase"]
[SourceDate "2012.11.22"]
[SourceVersion "1"]
[SourceVersionDate "2012.11.22"]
[SourceQuality "1"]

1. c4 Nf6 2. Nc3 g6 3. g3 Bg7 4. Bg2 0-0 5. Nf3 d6 6. 0-0 Nc6 7. d4 e5 8. d5 Ne7 9. e4 Nd7 10. Ne1 f5 11. Nd3 Nf6 12. f4 fxe4 13. Nxe4 Nxe4 14. Bxe4 Nf5 15. fxe5 dxe5 16. Bd2 Nd6 17. Rxf8+ Qxf8 18. Bg2 Nxc4 19. Bc3 Ne3 20. Qe2 Nxg2 21. Qxg2 Bf5 22. Nxe5 Re8 23. Nc4 Qc5+ 24. Ne3 Bxc3 25. bxc3 Qxe3+ 26. Kh1 Be4 27. Qxe4 Qxe4+ 28. Kg1 Qe3+ 29. Kg2 Qd2+ 30. Kh3 Re2 31. Rh1 Qh6+ 32. Kg4 Qh5+ 33. Kf4 Qf5# 0-1

[Event "St Petersburg Spring op"]
[Site "St Petersburg"]
[Date "2012.03.26"]
[Round "5"]
[White "Chernov, Maksim"]
[Black "Levdansky, Alexey"]
[Result "1-0"]
[WhiteElo "1862"]
[BlackElo "1679"]
[PlyCount "114"]
[EventDate "2012.03.22"]
[EventType "swiss"]
[EventRounds "9"]
[EventCountry "RUS"]
[SourceTitle "EXT 2013"]
[Source "ChessBase"]
[SourceDate "2012.11.22"]
[SourceVersion "1"]
[SourceVersionDate "2012.11.22"]
[SourceQuality "1"]

1. e4 c5 2. Nf3 Nc6 3. d4 cxd4 4. Nxd4 Nf6 5. Nc3 d6 6. Bc4 e6 7. Bb3 Be7 8. 0-0 0-0 9. Be3 a6 10. f4 Nxd4 11. Bxd4 b5 12. e5 dxe5 13. fxe5 Nd7 14. Qg4 Nc5 15. Rad1 Qc7 16. Rf3 Nxb3 17. cxb3 Bc5 18. Qf4 Bxd4+ 19. Rxd4 Bb7 20. Rg3 Rad8 21. Qf6 g6 22. Rh4 Qc5+ 23. Kf1 Rd2 24. Rxh7 Bxg2+ 25. Rxg2 Kxh7 26. Rxd2 Qe3 27. Re2 Qh3+ 28. Ke1 Qg4 29. Ne4 Qg1+ 30. Qf1 Qd4 31. Qf2 Qb4+ 32. Kf1 Rc8 33. Rc2 Rxc2 34. Qxc2 Qd4 35. Qe2 Qxe5 36. Ng3 Qf4+ 37. Qf2 Qc1+ 38. Kg2 Qc7 39. Qf6 Qb7+ 40. Qf3 Qc7 41. h4 Qe5 42. Qxf7+ Kh6 43. Kh3 Qe3 44. h5 gxh5 45. Qxh5+ Kg7 46. Qg4+ Kf6 47. Qe4 Qh6+ 48. Qh4+ Qxh4+ 49. Kxh4 Ke5 50. Kg4 Kd4 51. Kf4 e5+ 52. Kf5 Kd3 53. Ne4 Kc2 54. Nc5 a5 55. a4 bxa4 56. bxa4 Kxb2 57. Kxe5 Kc3 1-0